00953nam a22002177a 450000500170000000800410001702000150005805000240007310000300009724501410012726000850026830000310035349000190038465000280040365100420043165100520047370000350052594200130056099900170057395201450059020211112113255.0031103s1996 ck b 000 0 spa u a958933392304aF2281.B7 bH65 19961 aHolguín Sarria, Armando10aLímites de Colombia :btratados, convenios, arbitramentos, laudos y acuerdos /cArmando Holguín Sarria ; pról. Diego Uribe Vargas. aSanta Fé de Bogota, Colombia :bEdiciones Jurídicas Gustavo Ibañez, c1996 a284 p. : bmaps. ;c25 cm.0 aVocatio in Jus zColombia - Límites -  72lembaColombia xLímiteszVenezuela 72lembaVenezuelaxLímiteszColombiaxLímites1 aUribe Vargas, Diego, epról. 2lcccLIB c63675d63675 102lcc4070aINV-033bINV-033cGENERALd2021-11-12f1a ed.iHkCSAl0oF2281.B7 H65 1996pIIH000031650r2021-11-12 00:00:00tC:1v1.00yLIB